000 00376pab a2200145 454500
008 180718b1988 xxu||||| |||| 00| 0 eng d
100 _aLever, Nora S.
245 _aReport on the registration of lobbyists
260 _c1988
300 _a43-53
362 _aSecond Quarter
650 _aLobbying
773 _aConstitutional and Parliamentary Information
909 _a12656
999 _c12656
_d12656